LEADER 01286nam a2200277 i 4500 001 000000063184 003 CaOOAMICUS 005 20230131143433.0 008 130918s1974 it u000 u ita u 040 $aSeMil$bita 100 1 $aMoltmann, Jürgen,$d<1926-2024>.$0(OLS)http://semarc/name/10148 240 10$aZur Kreuzestheologie.$0(OLS)http://semarc/title/99679 245 10$aSulla teologia della Croce /$cJürgen Moltmann ... [et al.] ; editoriale di Hans-Georg Link ; forum critico di Rudolf Weth e Hans-Georg Link. 260 $aBrescia :$bQueriniana,$c1974. 300 $a171 p. ;$c20 cm. 490 0 $aGiornale di teologia ;$v82 650 4$aTeologia della croce.$0(OLS)http://semarc/subject/4792 650 4$aCroce - Teologia.$0(OLS)http://semarc/subject/12371 700 1 $aWeth, Rudolf.$0(OLS)http://semarc/name/31942 700 1 $aLink, Hans-Georg,$d<1939- >.$0(OLS)http://semarc/name/31941 830 0$aGiornale di teologia ;$v82.$0(OLS)http://semarc/title/419620 850 $aSeMil 852 $aSeMil$W1$xVenegono$y1$m2XA G 82$j236824$B29337$CSeMilBibl$Z2$F29340 $81 996 $6245$aSulla teologia della Croce$9(OLS)http://semarc/title/99678 996 $6260$aBrescia :$bQueriniana$9(OLS)http://semarc/publisher/29615 LEADER 00856nam a2200217 i 4500 001 000000121401 003 CaOOAMICUS 005 20031218000000.0 008 031218s1991 it u000 u ita u 013 $a94096 040 $aSeMil$bita 100 1 $aPontoglio, Onorio.$0(OLS)http://semarc/name/49373 245 10$aMaria Sticco :$bspiritualità e poesia /$cO. Pontoglio ... [et al.]. 260 $aMilano :$bO.R.,$cstampa 1991. 300 $a45 p., [1] c. di ritratto ;$c21 cm. 650 4$aSticco, Maria.$0(OLS)http://semarc/subject/17774 850 $aSeMil 852 $aSeMil$W1$xVenegono$y1$m98 46 *$j76481$B76481$CSeMilBibl$Z2$F78147 $81 961 $aRecupero: Biblioteca Seminario Saronno 996 $6245$aMaria Sticco :$bspiritualità e poesia$9(OLS)http://semarc/title/178711 996 $6260$aMilano :$bO.R.$9(OLS)http://semarc/publisher/29789